| 000 | 00352nam a22001217a 4500 | ||
|---|---|---|---|
| 008 | 240912b |||||||| |||| 00| 0 eng d | ||
| 040 |
_aNational Science Library _cNational Science Library |
||
| 080 |
_aR 809.51(038) _bL9.2 |
||
| 245 | _aCihai | ||
| 260 |
_bShanghai Dictionary Publishing House, _c1979 |
||
| 300 | _a1649p.-3300p. | ||
| 942 |
_2udc _cREF |
||
| 999 |
_c67356 _d67356 |
||